<?xml version="1.0" encoding="UTF-8"?>
<record
    xmlns:xsi="http://www.w3.org/2001/XMLSchema-instance"
    xsi:schemaLocation="http://www.loc.gov/MARC21/slim http://www.loc.gov/standards/marcxml/schema/MARC21slim.xsd"
    xmlns="http://www.loc.gov/MARC21/slim">

  <leader>00550nam a22002057b 4500</leader>
  <controlfield tag="003">3228</controlfield>
  <controlfield tag="005">20251208153120.0</controlfield>
  <controlfield tag="008">240123b        sa ||||| |||| 00| 1 AFR d</controlfield>
  <datafield tag="020" ind1=" " ind2=" ">
    <subfield code="a">9780639607351 (paperback)</subfield>
  </datafield>
  <datafield tag="040" ind1=" " ind2=" ">
    <subfield code="c">3228</subfield>
    <subfield code="a">MPL</subfield>
    <subfield code="b">eng</subfield>
    <subfield code="e">rda</subfield>
  </datafield>
  <datafield tag="041" ind1=" " ind2=" ">
    <subfield code="2">A</subfield>
  </datafield>
  <datafield tag="082" ind1=" " ind2=" ">
    <subfield code="a">AF VANZ</subfield>
  </datafield>
  <datafield tag="100" ind1=" " ind2=" ">
    <subfield code="a">Van Zyl, Rene</subfield>
    <subfield code="9">185575</subfield>
    <subfield code="e">author</subfield>
  </datafield>
  <datafield tag="245" ind1=" " ind2=" ">
    <subfield code="a">Strandwolf / </subfield>
    <subfield code="c">Ren&#xE9; van Zyl</subfield>
  </datafield>
  <datafield tag="260" ind1=" " ind2=" ">
    <subfield code="a">Pretoria :</subfield>
    <subfield code="b">Romanza ,</subfield>
    <subfield code="c">2021.</subfield>
  </datafield>
  <datafield tag="300" ind1=" " ind2=" ">
    <subfield code="a">205 pages :</subfield>
    <subfield code="c">18cm</subfield>
  </datafield>
  <datafield tag="655" ind1=" " ind2="0">
    <subfield code="9">189056</subfield>
    <subfield code="a">Afrikaans Fiction</subfield>
  </datafield>
  <datafield tag="655" ind1=" " ind2="0">
    <subfield code="9">188216</subfield>
    <subfield code="a">Light Romance</subfield>
  </datafield>
  <datafield tag="942" ind1=" " ind2=" ">
    <subfield code="2">lcc</subfield>
    <subfield code="c">BK</subfield>
    <subfield code="y">296</subfield>
    <subfield code="z">Phillipina Naude</subfield>
  </datafield>
  <datafield tag="999" ind1=" " ind2=" ">
    <subfield code="c">761772</subfield>
    <subfield code="d">761771</subfield>
  </datafield>
  <datafield tag="952" ind1=" " ind2=" ">
    <subfield code="0">0</subfield>
    <subfield code="1">0</subfield>
    <subfield code="2">ddc</subfield>
    <subfield code="4">0</subfield>
    <subfield code="7">0</subfield>
    <subfield code="8">F</subfield>
    <subfield code="a">ERMEL</subfield>
    <subfield code="b">KHULL</subfield>
    <subfield code="c">FIC</subfield>
    <subfield code="d">2024-01-23</subfield>
    <subfield code="l">0</subfield>
    <subfield code="o">AF VANZ</subfield>
    <subfield code="p">33228031004932</subfield>
    <subfield code="r">2024-01-23</subfield>
    <subfield code="w">2024-01-23</subfield>
    <subfield code="y">BOOK</subfield>
  </datafield>
  <datafield tag="952" ind1=" " ind2=" ">
    <subfield code="0">0</subfield>
    <subfield code="1">0</subfield>
    <subfield code="2">lcc</subfield>
    <subfield code="4">0</subfield>
    <subfield code="7">0</subfield>
    <subfield code="8">F</subfield>
    <subfield code="a">KLIPL</subfield>
    <subfield code="b">KLIPL</subfield>
    <subfield code="c">FIC</subfield>
    <subfield code="d">2024-09-11</subfield>
    <subfield code="o">AF VANZ</subfield>
    <subfield code="p">33228024195941</subfield>
    <subfield code="r">2024-09-11</subfield>
    <subfield code="w">2024-09-11</subfield>
    <subfield code="y">BOOK</subfield>
    <subfield code="z">761772</subfield>
  </datafield>
  <datafield tag="952" ind1=" " ind2=" ">
    <subfield code="0">0</subfield>
    <subfield code="1">0</subfield>
    <subfield code="2">ddc</subfield>
    <subfield code="4">0</subfield>
    <subfield code="7">0</subfield>
    <subfield code="8">F</subfield>
    <subfield code="a">BADPL</subfield>
    <subfield code="b">BADPL</subfield>
    <subfield code="c">FIC</subfield>
    <subfield code="d">2024-01-23</subfield>
    <subfield code="g">86.00</subfield>
    <subfield code="l">0</subfield>
    <subfield code="o">AF VANZ</subfield>
    <subfield code="p">3322803175716</subfield>
    <subfield code="r">2024-10-02</subfield>
    <subfield code="w">2024-01-23</subfield>
    <subfield code="y">BOOK</subfield>
  </datafield>
  <datafield tag="952" ind1=" " ind2=" ">
    <subfield code="0">0</subfield>
    <subfield code="1">0</subfield>
    <subfield code="2">ddc</subfield>
    <subfield code="4">0</subfield>
    <subfield code="7">0</subfield>
    <subfield code="8">F</subfield>
    <subfield code="a">VOLKL</subfield>
    <subfield code="b">VOLKL</subfield>
    <subfield code="c">FIC</subfield>
    <subfield code="d">2024-11-06</subfield>
    <subfield code="g">50.00</subfield>
    <subfield code="l">0</subfield>
    <subfield code="o">AF VANZ</subfield>
    <subfield code="p">3300410003265</subfield>
    <subfield code="r">2024-11-06</subfield>
    <subfield code="w">2024-11-06</subfield>
    <subfield code="y">BK</subfield>
  </datafield>
</record>
